| 000 | 00469nam a2200169Ia 4500 | ||
|---|---|---|---|
| 003 | LK-CoDNM | ||
| 008 | 010623t1967 xxu||||| |||| 00| 1 sin d | ||
| 040 |
_aLK-CoDNM _dLK-CoDNM _eLK-CoDNM |
||
| 041 | _asin | ||
| 080 |
_a32 _bKAN |
||
| 100 | _aKenaman,Peter | ||
| 245 | _aඔක්තෝබර විප්ලවය | ||
| 246 | _aOctomber Viplawaya 1917-1967 | ||
| 260 |
_bLanaka Communest Pakshaye Adyapan Anshaya _c1967 |
||
| 300 | _b30p.;18 cm cm | ||
| 942 | _cBK | ||
| 999 |
_c107348 _d107348 |
||